000 00640nam a2200253 a 4500
001 nice12345678
003 IN_TiNIC
005 20260116012935.0
008 050524s1980 edia grp 000 0 eng
020 _a0852243
_c100
082 0 0 _a894.123
_bBAS
100 _aBasheer, Vaikom Muhammad
245 _aMe Grandad `ad an Elephant
260 _aEdinburgh
_bEdinburgh University
_c1980
300 _a204p
500 _aincludes index and biblioraphy
505 2 _aindex
650 _aLiterature-Muslim
650 _aIslam-India
700 1 _aBasheer, Vaikom Muhammad
902 _bSRS
942 _cBK
999 _c8983
_d8983